000 nam a22 a 4500
999 _c615
_d615
003 AKMAL
005 20170504123517.0
008 170504r20011999my e 000 0 may d
020 _a9837204052 (kkt.) :
_cRM12.50
040 0 _aAKMAL
082 0 4 _a158.1 IMR
_221
090 0 0 _a158.1
_bIMR
100 0 _aImran Jafar
_91344
245 1 0 _aKunci kejayaan Napoleon Hill :
_bprinsip ini adalah kunci kepada kejayaan peribadi dan profesional anda /
_cImran Jafar
260 _aKuala Lumpur :
_bGolden Books Centre,
_c2001
300 _avi, 268ms. :
_c22cm.
650 0 _aThought and thinking
_9913
650 0 _aSuccess
_xPsychological aspects
_91186
650 0 _aMotivation (Psychology)
_9559
650 0 _aAchievement motivation
_91159
942 _2ddc
_cBOOK